000 00792nam a22002417a 4500
005 20170124110102.0
010 _aA-712316
020 _c30.00
035 _aA-712316
037 _bCen Lib/Ret
040 _aDPL
_bEN
082 _a921
_bNIZ
100 _aNizami, Zafar Ahmad
_927288
245 _aHakim Ajmal Khan /
_cby Zafar Ahmad Nizami
260 _aNew Delhi
_bMinistry of Information and Broadcasting, Govt. of India
_c1988
270 _bNew Delhi
_aPatiala House
_e110001
300 _ax,275p.
_c20cm(Hb)
490 _aBuilders of modern India
500 _aIncludes bibliographical references and index
650 _aAjmal K̲h̲ān, Muḥammad, -- 1863-1927
_927290
650 _aPoliticians -- India -- Biography
_926655
942 _2ddc
_cEN
_h921
_mNIZ
999 _c129749
_d129749